000 00609nam a2200229Ia 4500
003 OSt
005 20221005115430.0
006 a|||||r|||| 00| 0
007 ta
008 221004b |||||||| |||| 00| 0 eng d
024 _a57189
037 _cTextual
040 _aCRL
_cCRL
_beng
041 _2eng
_aeng
082 _aU:25372k, G2
245 0 _aChamparan (district gazetteer)1932 comp by L S O'Malley rev by R E swanzy.
260 _c1932
490 _aBihar and Orissa district gazetteer
650 _aGEOGRAPHY
942 _hU:25372k, G2
_cTEXL
_2cc
999 _c1034814
_d1034814